000 00291nam a2200133Ia 4500
005 20251222155105.0
008 251222s9999||||xx |||||||||||||| ||spa||
082 _aLEN.43
100 _aSABATO Ernesto.
245 0 _aEl Tunel
250 _a1ra. ed.
264 _bEl comercio
942 _cLIB
999 _c37832
_d37832